[Event "HUN-chT2 Toth 1819"]
[Site "Hungary"]
[Date "2019.01.27"]
[Round "6.10"]
[White "Miseta, Zsuzsanna"]
[Black "Fabian, Istvan"]
[Result "1/2-1/2"]
[WhiteElo "1707"]
[BlackElo "1735"]
[PlyCount "46"]
[EventDate "2018.09.23"]
[EventType "team-tourn"]
[EventRounds "11"]
[EventCountry "HUN"]
[SourceTitle "EXT 2021"]
[Source "ChessBase"]
[SourceDate "2020.10.23"]
[SourceVersion "1"]
[SourceVersionDate "2020.10.23"]
[SourceQuality "1"]
[WhiteTeam "Mako Duocor II"]
[BlackTeam "Szeged Meritum"]
[WhiteTeamCountry "HUN"]
[BlackTeamCountry "HUN"]

1. e4 c5 2. Nf3 Nc6 3. d4 cxd4 4. Nxd4 g6 5. Be3 Bg7 6. c3 Nf6 7. Nd2 0-0 8. Nxc6 bxc6 9. Bd3 d5 10. exd5 Qxd5 11. Nf3 Rd8 12. Be2 Qa5 13. Qc1 Ba6 14. Nd4 Rac8 15. Nb3 Qd5 16. Bxa6 Qxg2 17. Rf1 Ng4 18. Bxc8 Nxh2 19. Bh3 Qxh3 20. Rh1 Nf3+ 21. Ke2 Qg4 22. Kf1 Qc4+ 23. Kg2 Qg4+ 1/2-1/2

[Event "HUN-chT2 Toth 1617"]
[Site "Hungary"]
[Date "2016.11.13"]
[Round "4.9"]
[White "Fabian, Istvan"]
[Black "Csizik, Karoly"]
[Result "1-0"]
[WhiteElo "1765"]
[BlackElo "2055"]
[PlyCount "79"]
[EventDate "2016.09.25"]
[EventType "team-tourn"]
[EventRounds "11"]
[EventCountry "HUN"]
[SourceTitle "EXT 2021"]
[Source "ChessBase"]
[SourceDate "2020.10.23"]
[SourceVersion "1"]
[SourceVersionDate "2020.10.23"]
[SourceQuality "1"]
[WhiteTeam "Szeged Meritum"]
[BlackTeam "Ujszasz"]
[WhiteTeamCountry "HUN"]
[BlackTeamCountry "HUN"]

1. c4 Nf6 2. Nc3 g6 3. g3 Bg7 4. Bg2 0-0 5. e3 d6 6. Nge2 e5 7. 0-0 Nc6 8. d4 exd4 9. exd4 Bg4 10. f3 Bf5 11. Be3 Re8 12. Qd2 Ne7 13. g4 Bd7 14. d5 c6 15. dxc6 Bxc6 16. Rad1 Qa5 17. Qxd6 Rad8 18. Qc5 Qxc5 19. Bxc5 Nc8 20. Rxd8 Rxd8 21. Rd1 Rxd1+ 22. Nxd1 Nd7 23. Bd4 Ne5 24. Bxe5 Bxe5 25. f4 Bc7 26. Bxc6 bxc6 27. Kf2 Kf8 28. Ke3 Ke7 29. b3 Nd6 30. h3 f5 31. Nd4 Kd7 32. Nc3 h5 33. gxh5 gxh5 34. c5 Ba5 35. cxd6 Bxc3 36. Nxf5 Ke6 37. Ng3 h4 38. f5+ Ke5 39. Ne4 Ba5 40. f6 1-0

[Event "HUN-chT2 Toth 1617"]
[Site "Hungary"]
[Date "2016.10.30"]
[Round "3.8"]
[White "Fabian, Istvan"]
[Black "Zsiros, Laszlo"]
[Result "1-0"]
[WhiteElo "1765"]
[BlackElo "1765"]
[PlyCount "85"]
[EventDate "2016.09.25"]
[EventType "team-tourn"]
[EventRounds "11"]
[EventCountry "HUN"]
[SourceTitle "EXT 2021"]
[Source "ChessBase"]
[SourceDate "2020.10.23"]
[SourceVersion "1"]
[SourceVersionDate "2020.10.23"]
[SourceQuality "1"]
[WhiteTeam "Szeged Meritum"]
[BlackTeam "Kecskemet Takisz"]
[WhiteTeamCountry "HUN"]
[BlackTeamCountry "HUN"]

1. d4 c6 2. c4 d5 3. Nc3 e6 4. Bf4 Bd6 5. Bg3 Nf6 6. e3 Qe7 7. Nf3 Bxg3 8. hxg3 Nbd7 9. Qc2 Nf8 10. Bd3 dxc4 11. Bxc4 Nd5 12. Nxd5 exd5 13. Bd3 g6 14. Ne5 Qb4+ 15. Ke2 Qd6 16. Rh6 Be6 17. Qa4 Rg8 18. Rc1 f6 19. Nf3 Kf7 20. Rch1 Rg7 21. R1h4 a5 22. Rf4 Qe7 23. g4 Kg8 24. Nh2 Rf7 25. Rf3 Qd7 26. Rg3 Kg7 27. Rh4 b5 28. Qc2 Qd6 29. f4 Kg8 30. Rgh3 Rg7 31. f5 g5 32. Rh6 Bf7 33. Nf1 Re8 34. Ng3 Qf4 35. Nh5 Qxg4+ 36. Kf2 Bxh5 37. R3xh5 Rge7 38. Be2 Qe4 39. Qxe4 Rxe4 40. Rxf6 Rxe3 41. Rxg5+ Kh8 42. Bh5 Nd7 43. Bxe8 1-0